000 00677nam a2200229Ia 4500
008 160303s9999 xx 000 0 und d
020 _a978-0-471-73008-8
050 _aMAIN TX 911.3
050 _b.P8F45 2008
100 _aFeinstein, Andrew Hale
245 _aPurchasing :
245 _bselection and procurement for the hospitality industry /
245 _cAndrew Hale Feinstein, John M. Stefanelli.
260 _aNew Jersey :
260 _bJohn Wiley & Sons, Inc.
260 _c2008
300 _a786 pages :
300 _c24 cm.
500 _aIncludes bibliographical references and index.
650 _aHospitality industry --
650 _xPurchasing.
999 _c291067
_d291067